000
00426nam a2200145Ia 4500
008
260520s2026 xx 000 0 und d
041
_a
mar
082
_a
294.5925/JOS
100
_a
जोशी, गीता
245
_a
श्री मत्स्य पुराण
260
_a
पुणे
_b
मे शारदा साहित्य
_c
2026
300
_a
192p.
500
_a
Cat No: 15261
650
_a
RELIGION
999
_c
1222261
_d
1222261